000 00306nam a2200109Ia 4500
008 171211s9999 xx 000 0 und d
245 _aJudo for Fun: Sport Techniques Made Easy
245 _cBruce Tegner
260 _c1961
650 _xMartial Arts
856 _uhttp://down.ebook777.com/053/B002LLVEOC.pdf
999 _c348264
_d348264